[Event "34. Open Internacional de Andorra 2016"]
[Site "Andorra AND"]
[Date "2016.08.09"]
[Round "7.17"]
[White "Gozzoli, Yannick"]
[Black "Llaneza Vega, Patricia"]
[Result "1-0"]
[WhiteElo "2573"]
[BlackElo "2158"]
[PlyCount "91"]
[EventDate "2016.08.03"]
[EventType "swiss"]
[EventRounds "9"]
[EventCountry "AND"]
[SourceTitle "Ajedrez en Madrid"]
[Source "lmi"]
[SourceDate "2016.08.03"]
[SourceVersion "1"]
[SourceVersionDate "2018.03.01"]
[SourceQuality "1"]

1. e4 d5 2. exd5 Qxd5 3. Nc3 Qa5 4. d4 Nf6 5. Nf3 Bf5 6. Ne5 c6 7. g4 Bg6 8. h4
Nbd7 9. Nc4 Qc7 10. Qf3 Nd5 11. Be3 N7f6 12. Nxd5 cxd5 13. Ne5 O-O-O 14. Nxg6
fxg6 15. O-O-O e6 16. g5 Ne4 17. Bd3 Qa5 18. a3 Nd6 19. Bd2 Qb6 20. Rde1 Nf5
21. c3 Kb8 22. Qe2 Rc8 23. Bxf5 exf5 24. Qe5+ Bd6 25. Qxd5 Rhd8 26. Re6 Bxa3
27. Rxb6 Rxd5 28. Re6 Bd6 29. Kd1 Kc7 30. h5 Kd7 31. Ree1 f4 32. hxg6 hxg6 33.
Rh7 Rg8 34. Rg1 Ke6 35. Ke2 Kf5 36. Kf3 b5 37. Rh4 b4 38. Bxf4 bxc3 39. bxc3
Rc8 40. Bd2 Rb5 41. Ke3 a5 42. Kd3 a4 43. Re4 Rb2 44. Rge1 a3 45. f3 a2 46.
Re5+ 1-0

[Event "34. Open Internacional de Andorra 2016"]
[Site "Andorra AND"]
[Date "2016.08.09"]
[Round "7.18"]
[White "Sowray, Peter J"]
[Black "Orteu Capdevila, Max"]
[Result "1/2-1/2"]
[WhiteElo "2348"]
[BlackElo "2147"]
[PlyCount "72"]
[EventDate "2016.08.03"]
[EventType "swiss"]
[EventRounds "9"]
[EventCountry "AND"]
[SourceTitle "Ajedrez en Madrid"]
[Source "lmi"]
[SourceDate "2016.08.03"]
[SourceVersion "1"]
[SourceVersionDate "2018.03.01"]
[SourceQuality "1"]

1. e4 c5 2. Nf3 d6 3. d4 Nf6 4. Nc3 cxd4 5. Nxd4 a6 6. Bc4 e6 7. Bb3 b5 8. O-O
Be7 9. Qf3 Qb6 10. Be3 Qb7 11. Qg3 O-O 12. f3 Nc6 13. Nxc6 Qxc6 14. Rad1 b4 15.
Ne2 a5 16. Nd4 Qa6 17. Ba4 Bd7 18. Bxd7 Nxd7 19. Bg5 Bxg5 20. Qxg5 Rac8 21. Rf2
Rc5 22. Qe7 Nf6 23. Nxe6 fxe6 24. Qxe6+ Kh8 25. Rxd6 Qc8 26. Qb3 Rd8 27. Rdd2
h6 28. g3 Rd7 29. Kg2 Qc6 30. Rfe2 Rc4 31. Rxd7 Nxd7 32. e5 Nf8 33. Qd3 Ne6 34.
Rd2 Rd4 35. Qe3 Qd5 36. Re2 a4 1/2-1/2

[Event "34. Open Internacional de Andorra 2016"]
[Site "Andorra AND"]
[Date "2016.08.09"]
[Round "7.19"]
[White "Aizpurua Blanco, Juan Antonio"]
[Black "Aubry, Yannis"]
[Result "0-1"]
[WhiteElo "2140"]
[BlackElo "2269"]
[PlyCount "118"]
[EventDate "2016.08.03"]
[EventType "swiss"]
[EventRounds "9"]
[EventCountry "AND"]
[SourceTitle "Ajedrez en Madrid"]
[Source "lmi"]
[SourceDate "2016.08.03"]
[SourceVersion "1"]
[SourceVersionDate "2018.03.01"]
[SourceQuality "1"]

1. Nf3 c5 2. b3 d5 3. e3 a6 4. Bb2 Nc6 5. d4 cxd4 6. exd4 Bg4 7. Be2 Nf6 8. O-O
e6 9. c4 Be7 10. Ne5 Bxe2 11. Qxe2 Rc8 12. Nd2 O-O 13. Ndf3 dxc4 14. bxc4 Nxe5
15. Nxe5 Qa5 16. Rfc1 Ba3 17. Rc2 Rfd8 18. Qe3 Bd6 19. Nf3 Qf5 20. Qe2 h6 21.
Bc1 Nd5 22. Rb2 Nc3 23. Qf1 b5 24. cxb5 axb5 25. Bd2 b4 26. Qe1 Nd5 27. Rc1 Qd3
28. Rb3 Qa6 29. Rb2 Qa4 30. Ne5 b3 31. axb3 Qxd4 32. Nc4 Rxc4 33. bxc4 Qxb2 34.
cxd5 exd5 35. Bc3 Qb8 36. g3 Qa7 37. Rd1 Bc5 38. Kg2 d4 39. Qe4 Qd7 40. Qd3
Qc6+ 41. Qf3 Qb5 42. Qd3 Qa4 43. Kg1 Qa8 44. Be1 Qd5 45. Rc1 g6 46. Bd2 Kg7 47.
Qc4 Qxc4 48. Rxc4 Rd5 49. Kg2 h5 50. Kf3 Kf6 51. Ke4 Re5+ 52. Kd3 Ke6 53. f4
Rd5 54. Ke4 d3 55. Ra4 Rd6 56. Rc4 f5+ 57. Kf3 Kd5 58. Ra4 Re6 59. h3 Re2 0-1

[Event "34. Open Internacional de Andorra 2016"]
[Site "Andorra AND"]
[Date "2016.08.09"]
[Round "7.20"]
[White "Cimer, Emanuel"]
[Black "Rayne, Remy"]
[Result "1-0"]
[WhiteElo "2230"]
[BlackElo "2137"]
[PlyCount "89"]
[EventDate "2016.08.03"]
[EventType "swiss"]
[EventRounds "9"]
[EventCountry "AND"]
[SourceTitle "Ajedrez en Madrid"]
[Source "lmi"]
[SourceDate "2016.08.03"]
[SourceVersion "1"]
[SourceVersionDate "2018.03.01"]
[SourceQuality "1"]

1. e4 e6 2. Nf3 d5 3. Nc3 Nf6 4. e5 Nfd7 5. d4 c5 6. dxc5 Bxc5 7. Bd3 Nc6 8.
Bf4 h6 9. Bg3 a6 10. O-O b5 11. a3 Be7 12. Re1 Bb7 13. Ne2 Nc5 14. Ned4 Nxd3
15. Qxd3 Nxd4 16. Nxd4 O-O 17. f4 Bc5 18. Bf2 Bxd4 19. Bxd4 Qc7 20. c3 Qc4 21.
Qd2 Kh7 22. g4 g6 23. Re3 Rg8 24. Rh3 Rac8 25. Qf2 Kg7 26. Qh4 Kf8 27. Qxh6+
Ke8 28. Re1 Qb3 29. Re2 a5 30. Qh4 Qc4 31. Qf2 Ba6 32. Rd2 Qb3 33. Bc5 Qc4 34.
Bd6 b4 35. axb4 axb4 36. Rd4 Qc6 37. Bxb4 Qa4 38. Re3 Rb8 39. Re1 Bc4 40. Kh1
Rh8 41. f5 gxf5 42. gxf5 Rxb4 43. cxb4 Qa7 44. Qg1 Qe7 45. Ra1 1-0

[Event "34. Open Internacional de Andorra 2016"]
[Site "Andorra AND"]
[Date "2016.08.09"]
[Round "7.21"]
[White "Da Silva, Quentin"]
[Black "Nieves Cabanes, Jose Manuel"]
[Result "1-0"]
[WhiteElo "2110"]
[BlackElo "2227"]
[PlyCount "151"]
[EventDate "2016.08.03"]
[EventType "swiss"]
[EventRounds "9"]
[EventCountry "AND"]
[SourceTitle "Ajedrez en Madrid"]
[Source "lmi"]
[SourceDate "2016.08.03"]
[SourceVersion "1"]
[SourceVersionDate "2018.03.01"]
[SourceQuality "1"]

1. e4 e5 2. Nf3 Nc6 3. Bb5 a6 4. Ba4 Nf6 5. O-O Be7 6. Qe2 b5 7. Bb3 O-O 8. c3
d5 9. exd5 Nxd5 10. Nxe5 Nxe5 11. Qxe5 Bb7 12. d4 Bd6 13. Qf5 g6 14. Qg5 Qd7
15. f4 Be7 16. Qg3 c5 17. Nd2 Qf5 18. Nf3 Rad8 19. Bd2 Bd6 20. Ne5 Nf6 21. Be3
c4 22. Bd1 h5 23. Rc1 Ne4 24. Qh4 Kg7 25. g4 hxg4 26. Bxg4 Qf6 27. Qxf6+ Nxf6
28. Bf3 Nd5 29. Bd2 Ba8 30. Bg2 f6 31. Ng4 Rfe8 32. Rf2 Re7 33. f5 gxf5 34. Nh6
Ree8 35. Nxf5+ Kf7 36. Nxd6+ Rxd6 37. h3 Rg8 38. Kh2 Ke6 39. Re1+ Kf7 40. Bf3
Rh8 41. Bg4 Bc6 42. Bf4 Nxf4 43. Rxf4 Rh6 44. Rf2 Bd7 45. Bxd7 Rxd7 46. Rf5 Rd6
47. Rc5 Rh8 48. Kg3 Rg8+ 49. Kf3 Rh8 50. Rc7+ Kg6 51. Kg3 Rd5 52. h4 Rg8 53.
Kh3 Rh8 54. Rg1+ Kf5 55. Rf1+ Ke4 56. Rxf6 Rdh5 57. Re7+ Kd3 58. Rf4 a5 59. Re5
Rxe5 60. dxe5 b4 61. Rd4+ Kc2 62. Rxc4 Kxb2 63. cxb4 a4 64. b5 a3 65. Kg4 Kxa2
66. Kg5 Kb3 67. Rc1 a2 68. e6 Kb4 69. e7 Kxb5 70. Ra1 Kc6 71. Rxa2 Kd7 72. Ra7+
Ke6 73. Kg6 Rg8+ 74. Kh7 Re8 75. Kg7 Rb8 76. h5 1-0

[Event "34. Open Internacional de Andorra 2016"]
[Site "Andorra AND"]
[Date "2016.08.09"]
[Round "7.22"]
[White "Leiro Giralt, Daniel"]
[Black "Ronce, Nathan"]
[Result "1/2-1/2"]
[WhiteElo "2199"]
[BlackElo "2122"]
[PlyCount "63"]
[EventDate "2016.08.03"]
[EventType "swiss"]
[EventRounds "9"]
[EventCountry "AND"]
[SourceTitle "Ajedrez en Madrid"]
[Source "lmi"]
[SourceDate "2016.08.03"]
[SourceVersion "1"]
[SourceVersionDate "2018.03.01"]
[SourceQuality "1"]

1. e4 c5 2. Nc3 d6 3. Nge2 Nc6 4. g3 g6 5. d4 cxd4 6. Nxd4 Bg7 7. Nde2 Nf6 8.
Bg2 O-O 9. O-O Rb8 10. a4 b6 11. Nd5 Bb7 12. c3 Re8 13. h3 Nd7 14. Ra2 a6 15.
b3 b5 16. axb5 axb5 17. Be3 Ra8 18. Rxa8 Bxa8 19. Qd2 Na5 20. Qa2 e6 21. Nb4
Nc5 22. Nd4 Bxe4 23. Nxb5 Bxg2 24. Kxg2 Naxb3 25. Rb1 Qa8+ 26. Qxa8 Rxa8 27.
Nxd6 Bxc3 28. Nd3 Nxd3 29. Rxb3 Rd8 30. Nb7 Rc8 31. Nd6 Rd8 32. Nb7 1/2-1/2

[Event "34. Open Internacional de Andorra 2016"]
[Site "Andorra AND"]
[Date "2016.08.09"]
[Round "7.23"]
[White "Machiels, Etienne"]
[Black "Marzano, Carlo"]
[Result "0-1"]
[WhiteElo "1682"]
[BlackElo "2199"]
[PlyCount "26"]
[EventDate "2016.08.03"]
[EventType "swiss"]
[EventRounds "9"]
[EventCountry "AND"]
[SourceTitle "Ajedrez en Madrid"]
[Source "lmi"]
[SourceDate "2016.08.03"]
[SourceVersion "1"]
[SourceVersionDate "2018.03.01"]
[SourceQuality "1"]

1. e4 g6 2. d4 c6 3. a4 d5 4. e5 Bg7 5. f4 h5 6. Nf3 Nh6 7. b3 Bg4 8. Bd3 Nf5
9. Bxf5 Bxf5 10. a5 e6 11. Ra4 Nd7 12. b4 Bf8 13. c3 Bxb1 0-1

[Event "34. Open Internacional de Andorra 2016"]
[Site "Andorra AND"]
[Date "2016.08.09"]
[Round "7.24"]
[White "Merenciano, Alexandre"]
[Black "Anguera Maestro, Jaime"]
[Result "1-0"]
[WhiteElo "2197"]
[BlackElo "2092"]
[PlyCount "81"]
[EventDate "2016.08.03"]
[EventType "swiss"]
[EventRounds "9"]
[EventCountry "AND"]
[SourceTitle "Ajedrez en Madrid"]
[Source "lmi"]
[SourceDate "2016.08.03"]
[SourceVersion "1"]
[SourceVersionDate "2018.03.01"]
[SourceQuality "1"]

1. e4 d5 2. exd5 Qxd5 3. Nc3 Qd8 4. Bc4 Nf6 5. Nf3 e6 6. d4 Be7 7. O-O c6 8.
Ne2 Nbd7 9. c3 Nf8 10. Ne5 Ng6 11. f4 Nd5 12. Ng3 f6 13. Nd3 f5 14. Re1 O-O 15.
Nf1 Bd6 16. g3 Bd7 17. Bb3 Qf6 18. Be3 Be8 19. Nd2 Bf7 20. Nc4 Bc7 21. Bf2 b6
22. Qf3 Qd8 23. Rad1 b5 24. Nd2 Bd6 25. a3 Qc7 26. Rc1 Qb7 27. Ba2 Rab8 28. b4
Rfe8 29. c4 Nf6 30. Ne5 Bxe5 31. dxe5 Nd7 32. Nb3 Ne7 33. Na5 Qa8 34. Red1 Nb6
35. Bc5 bxc4 36. Bxc4 Ned5 37. Bd6 Rbc8 38. Ba6 Rc7 39. Bxc7 Nxc7 40. Bb7 Qb8
41. Nxc6 1-0

[Event "34. Open Internacional de Andorra 2016"]
[Site "Andorra AND"]
[Date "2016.08.09"]
[Round "7.25"]
[White "Podvin, Francois-Xavier"]
[Black "Arjol Lopez, Daniel"]
[Result "1-0"]
[WhiteElo "2165"]
[BlackElo "1963"]
[PlyCount "97"]
[EventDate "2016.08.03"]
[EventType "swiss"]
[EventRounds "9"]
[EventCountry "AND"]
[SourceTitle "Ajedrez en Madrid"]
[Source "lmi"]
[SourceDate "2016.08.03"]
[SourceVersion "1"]
[SourceVersionDate "2018.03.01"]
[SourceQuality "1"]

1. e4 c5 2. Nf3 g6 3. d4 cxd4 4. Nxd4 Bg7 5. Nc3 Nc6 6. Be3 Nf6 7. Bc4 Qa5 8.
O-O O-O 9. Bb3 d6 10. h3 Bd7 11. Re1 Rac8 12. Nf3 Qd8 13. Qd2 a6 14. Rad1 Na5
15. Bh6 Nxb3 16. axb3 Bc6 17. Nd4 Qb6 18. Qg5 Bxh6 19. Qxh6 Qc5 20. g4 Kh8 21.
Nf3 Ng8 22. Qh4 e6 23. Qg3 Rcd8 24. Rd3 d5 25. Red1 b5 26. exd5 Bxd5 27. Nxd5
Rxd5 28. Rxd5 exd5 29. c3 Re8 30. b4 Qc4 31. Qd6 Re6 32. Qxd5 Qxd5 33. Rxd5 Nf6
34. Re5 Rd6 35. Re7 Rd7 36. Rxd7 Nxd7 37. Kf1 Kg7 38. Ke2 Kf6 39. Ke3 h6 40. b3
Ke6 41. c4 Nb6 42. Kd4 Nd7 43. Ne1 Kd6 44. Nd3 Nb8 45. Ne5 Ke6 46. f4 g5 47.
f5+ Kd6 48. Nxf7+ Ke7 49. Ne5 1-0

[Event "34. Open Internacional de Andorra 2016"]
[Site "Andorra AND"]
[Date "2016.08.10"]
[Round "8.1"]
[White "Cori, Jorge"]
[Black "Vovk, Andriy"]
[Result "1-0"]
[WhiteElo "2601"]
[BlackElo "2637"]
[PlyCount "91"]
[EventDate "2016.08.03"]
[EventType "swiss"]
[EventRounds "9"]
[EventCountry "AND"]
[SourceTitle "Ajedrez en Madrid"]
[Source "lmi"]
[SourceDate "2016.08.03"]
[SourceVersion "1"]
[SourceVersionDate "2018.03.01"]
[SourceQuality "1"]

1. d4 Nf6 2. Nf3 g6 3. Bf4 Bg7 4. e3 d6 5. h3 O-O 6. c3 c5 7. dxc5 dxc5 8. Qxd8
Rxd8 9. Bc7 Rf8 10. Nbd2 Nc6 11. Bb5 Bd7 12. Be2 Rac8 13. Bh2 Na5 14. Nb3 Nxb3
15. axb3 a6 16. Ne5 Be6 17. Bc4 Bxc4 18. Nxc4 Rfd8 19. O-O b5 20. Nb6 Rc6 21.
Rxa6 Ne4 22. Rfa1 Bf6 23. f3 Nd2 24. Ra8 Rxa8 25. Rxa8+ Kg7 26. Nd5 Nxb3 27.
Ra7 Rc8 28. e4 b4 29. Nxe7 bxc3 30. bxc3 Bxe7 31. Rxe7 g5 32. Be5+ Kg6 33. Rd7
f6 34. Rd6 Rf8 35. Rc6 Nc1 36. Bd6 Rd8 37. Be7 Rd2 38. Bxf6 Rc2 39. h4 Ne2+ 40.
Kh2 gxh4 41. Bxh4+ Kg7 42. Bf6+ Kf7 43. Be5 Nc1 44. Rxc5 Nd3 45. Rc7+ Ke6 46.
Bg3 1-0

[Event "34. Open Internacional de Andorra 2016"]
[Site "Andorra AND"]
[Date "2016.08.10"]
[Round "8.2"]
[White "Aloma Vidal, Robert"]
[Black "Granda Zuniga, Julio E"]
[Result "0-1"]
[WhiteElo "2475"]
[BlackElo "2672"]
[PlyCount "100"]
[EventDate "2016.08.03"]
[EventType "swiss"]
[EventRounds "9"]
[EventCountry "AND"]
[SourceTitle "Ajedrez en Madrid"]
[Source "lmi"]
[SourceDate "2016.08.03"]
[SourceVersion "1"]
[SourceVersionDate "2018.03.01"]
[SourceQuality "1"]

1. Nf3 d5 2. d4 Nf6 3. c4 c6 4. e3 g6 5. Nc3 Bg7 6. Bd3 O-O 7. h3 a6 8. O-O
Nbd7 9. cxd5 cxd5 10. Qb3 e6 11. Bd2 Re8 12. a4 b6 13. Rac1 Bb7 14. Na2 Ne4 15.
Nb4 Qb8 16. Nc6 Nxd2 17. Nxd2 Qd6 18. Qb4 Bf8 19. Qxd6 Bxd6 20. Rc2 Rec8 21.
Rfc1 Kg7 22. Nf3 Rc7 23. b4 Rac8 24. b5 Bxc6 25. bxc6 Nb8 26. Kf1 f6 27. Ne1 e5
28. Rb1 e4 29. Be2 Rxc6 30. Bd1 Kf7 31. Rxb6 Rxb6 32. Rxc8 Nc6 33. Nc2 h5 34.
f3 Ne7 35. Rd8 Nf5 36. g4 Ng3+ 37. Kg2 h4 38. fxe4 Be7 39. Rh8 Rb1 40. Rh7+ Kf8
41. Rxh4 Nxe4 42. Be2 Kg7 43. g5 f5 44. Rf4 Bxg5 45. Rf3 a5 46. Bd3 Rb2 47. Kg1
Rb3 48. Ba6 Rc3 49. Ne1 Rc1 50. Kf1 Bh4 0-1

[Event "34. Open Internacional de Andorra 2016"]
[Site "Andorra AND"]
[Date "2016.08.10"]
[Round "8.4"]
[White "Trepat Herranz, Joan"]
[Black "Kogan, Arthur"]
[Result "0-1"]
[WhiteElo "2360"]
[BlackElo "2530"]
[PlyCount "82"]
[EventDate "2016.08.03"]
[EventType "swiss"]
[EventRounds "9"]
[EventCountry "AND"]
[SourceTitle "Ajedrez en Madrid"]
[Source "lmi"]
[SourceDate "2016.08.03"]
[SourceVersion "1"]
[SourceVersionDate "2018.03.01"]
[SourceQuality "1"]

1. e4 c5 2. Nf3 e6 3. b3 d6 4. Bb2 e5 5. Bc4 Be7 6. Nc3 Nf6 7. d3 O-O 8. Nd2
Bg4 9. f3 Be6 10. Bxe6 fxe6 11. Ne2 Nh5 12. g3 Bg5 13. O-O Nc6 14. c3 d5 15.
Bc1 Be3+ 16. Kg2 Qg5 17. exd5 exd5 18. c4 Nd4 19. Nxd4 Bxd4 20. Rb1 Qg6 21.
cxd5 Qxd3 22. Bb2 Nf6 23. Ne4 Qxd1 24. Nxf6+ gxf6 25. Rfxd1 Rad8 26. f4 Rxd5
27. Kf3 Rd6 28. Bxd4 exd4 29. Rbc1 b6 30. Ke4 Re8+ 31. Kd3 Re3+ 32. Kc4 Re2 33.
a3 Rxh2 34. b4 cxb4 35. axb4 Rb2 36. Kb5 Kf7 37. f5 Rd7 38. Kc6 Ke7 39. Rc4 d3
40. Rg4 Rc2+ 41. Kb5 d2 0-1

[Event "34. Open Internacional de Andorra 2016"]
[Site "Andorra AND"]
[Date "2016.08.10"]
[Round "8.5"]
[White "Adel Lahchaichi, Oussama"]
[Black "Banusz, Tamas"]
[Result "0-1"]
[WhiteElo "2334"]
[BlackElo "2616"]
[PlyCount "72"]
[EventDate "2016.08.03"]
[EventType "swiss"]
[EventRounds "9"]
[EventCountry "AND"]
[SourceTitle "Ajedrez en Madrid"]
[Source "lmi"]
[SourceDate "2016.08.03"]
[SourceVersion "1"]
[SourceVersionDate "2018.03.01"]
[SourceQuality "1"]

1. c4 Nf6 2. g3 e5 3. Nc3 d5 4. cxd5 Nxd5 5. Bg2 Nb6 6. e3 Be7 7. Nge2 O-O 8.
O-O Nc6 9. f4 exf4 10. Nxf4 Ne5 11. d4 Ng6 12. Nxg6 hxg6 13. Qd3 c5 14. d5 Bd6
15. e4 Nd7 16. Bf4 Ne5 17. Qc2 Bd7 18. Kh1 b5 19. a4 a6 20. axb5 axb5 21. Rxa8
Qxa8 22. Ne2 Rc8 23. b3 f6 24. Qc3 b4 25. Qc2 c4 26. Bxe5 Bxe5 27. bxc4 Qa4 28.
Qb1 Rxc4 29. Nf4 Qc2 30. Qe1 Rd4 31. Nxg6 Rd2 32. Nh4 g5 33. Qe3 gxh4 34. Qh6
Be8 35. Qxh4 Rxg2 36. d6 Bg6 0-1

[Event "34. Open Internacional de Andorra 2016"]
[Site "Andorra AND"]
[Date "2016.08.10"]
[Round "8.6"]
[White "Prohaszka, Peter"]
[Black "Barbot, Pierre"]
[Result "0-1"]
[WhiteElo "2604"]
[BlackElo "2444"]
[PlyCount "72"]
[EventDate "2016.08.03"]
[EventType "swiss"]
[EventRounds "9"]
[EventCountry "AND"]
[SourceTitle "Ajedrez en Madrid"]
[Source "lmi"]
[SourceDate "2016.08.03"]
[SourceVersion "1"]
[SourceVersionDate "2018.03.01"]
[SourceQuality "1"]

1. d4 Nf6 2. c4 e6 3. Nc3 Bb4 4. Qc2 b6 5. e4 c5 6. d5 exd5 7. exd5 O-O 8. Bd3
d6 9. Nge2 Nbd7 10. Bg5 h6 11. Bh4 Ne5 12. O-O-O Bd7 13. h3 b5 14. cxb5 a6 15.
bxa6 c4 16. Bh7+ Kh8 17. f4 Ng6 18. Bxg6 fxg6 19. Qxg6 Rxa6 20. g4 Qa8 21. g5
hxg5 22. fxg5 Be8 23. Qc2 Nd7 24. Rdf1 Bh5 25. Bg3 Bxe2 26. Qxe2 Bxc3 27. Qh5+
Kg8 28. g6 Bxb2+ 29. Kc2 Nf6 30. Rxf6 Rxf6 31. Qh7+ Kf8 32. Bxd6+ Rfxd6 33. Re1
Rxg6 34. d6 Bf6 35. Qxg6 Rxa2+ 36. Kd1 Qd5+ 0-1

[Event "34. Open Internacional de Andorra 2016"]
[Site "Andorra AND"]
[Date "2016.08.10"]
[Round "8.7"]
[White "Lagarde, Maxime"]
[Black "Jerez Perez, Alfonso"]
[Result "1-0"]
[WhiteElo "2572"]
[BlackElo "2386"]
[PlyCount "115"]
[EventDate "2016.08.03"]
[EventType "swiss"]
[EventRounds "9"]
[EventCountry "AND"]
[SourceTitle "Ajedrez en Madrid"]
[Source "lmi"]
[SourceDate "2016.08.03"]
[SourceVersion "1"]
[SourceVersionDate "2018.03.01"]
[SourceQuality "1"]

1. e4 e6 2. d4 d5 3. e5 c5 4. c3 Nc6 5. Nf3 Bd7 6. Be2 Nge7 7. Na3 cxd4 8. cxd4
Nf5 9. Nc2 Nb4 10. Ne3 Nxe3 11. Bxe3 Rc8 12. O-O Be7 13. Ne1 O-O 14. a3 Nc6 15.
b4 f6 16. exf6 Bxf6 17. Nf3 Be8 18. Rc1 Bh5 19. Qd2 Qb6 20. Rfd1 a5 21. b5 Bxf3
22. Bxf3 Qxb5 23. Bg4 Rce8 24. h3 Qb6 25. Rb1 Qc7 26. Rb5 Rf7 27. Rdb1 Kh8 28.
g3 Qe7 29. Qc3 Rc8 30. Rxb7 Qxb7 31. Rxb7 Rxb7 32. Bxe6 Rcc7 33. Bxd5 Nb4 34.
Qb3 Nxd5 35. Qxd5 a4 36. Qe4 h6 37. Qe8+ Kh7 38. Qxa4 Ra7 39. Qb3 Rd7 40. Qb5
Bxd4 41. Bf4 g6 42. a4 Rdb7 43. Qc4 Rd7 44. Kg2 Ra5 45. Bd2 Rad5 46. Bb4 Ba7
47. a5 Rd4 48. Qe6 R4d5 49. Be7 Bd4 50. a6 Bg7 51. Bc5 Rd8 52. Qc6 Rd2 53. a7
Rc2 54. Qc7 Rg8 55. Qe7 Rc8 56. Bd6 Ra2 57. Be5 Rg8 58. Qb7 1-0

[Event "34. Open Internacional de Andorra 2016"]
[Site "Andorra AND"]
[Date "2016.08.10"]
[Round "8.8"]
[White "Glud, Jakob Vang"]
[Black "Barbero Sendic, Alejandro"]
[Result "1/2-1/2"]
[WhiteElo "2532"]
[BlackElo "2336"]
[PlyCount "152"]
[EventDate "2016.08.03"]
[EventType "swiss"]
[EventRounds "9"]
[EventCountry "AND"]
[SourceTitle "Ajedrez en Madrid"]
[Source "lmi"]
[SourceDate "2016.08.03"]
[SourceVersion "1"]
[SourceVersionDate "2018.03.01"]
[SourceQuality "1"]

1. c4 e6 2. Nf3 d5 3. g3 c5 4. Bg2 Nc6 5. O-O Nf6 6. cxd5 exd5 7. d4 Be7 8. Be3
c4 9. Ne5 O-O 10. Nxc6 bxc6 11. b3 cxb3 12. axb3 Qb6 13. Nc3 Bf5 14. Bf4 h6 15.
h3 Rfe8 16. g4 Bg6 17. e3 Bb4 18. Qc1 Ne4 19. Nxe4 Bxe4 20. Qd1 Qb5 21. Bxe4
Rxe4 22. Qc2 a5 23. Rac1 Rc8 24. Rfd1 Re6 25. Kg2 Qb7 26. Qd3 Rce8 27. Rc2 Rg6
28. Kh2 Qd7 29. Rdc1 Ba3 30. Qf5 Ree6 31. Rxc6 Bxc1 32. Rc7 Qe8 33. Rxc1 Rc6
34. Ra1 Qd8 35. Ra4 Rgf6 36. Qd3 Rb6 37. Rxa5 Rxb3 38. Qxb3 Qxa5 39. Qb8+ Kh7
40. Kg2 Qa6 41. Be5 Rb6 42. Qc7 f6 43. Bg3 Rc6 44. Qd7 Rc1 45. Kf3 Qf1 46. Kf4
Qg2 47. Qf5+ Kh8 48. Qe6 Rc6 49. Qe7 Rc7 50. Qe8+ Kh7 51. Kf5 Qf3+ 52. Bf4 Rc8
53. Qg6+ Kg8 54. Ke6 Qxh3 55. Qf5 Qf3 56. Qxd5 Qxg4+ 57. Ke7+ Kh8 58. Qd7 Qxd7+
59. Kxd7 Ra8 60. d5 Kg8 61. Ke7 Ra7+ 62. Ke8 Ra8+ 63. Ke7 Ra7+ 64. Ke8 g5 65.
Bg3 Ra4 66. Ke7 Kg7 67. Ke6 Re4+ 68. Kf5 Re8 69. e4 Kf7 70. f4 Rd8 71. fxg5
fxg5 72. Bc7 Ra8 73. e5 Ra1 74. e6+ Ke8 75. Be5 Rf1+ 76. Kg6 Ke7 1/2-1/2

[Event "34. Open Internacional de Andorra 2016"]
[Site "Andorra AND"]
[Date "2016.08.10"]
[Round "8.9"]
[White "Antoli Royo, Joaquin Miguel"]
[Black "Bekker-Jensen, Simon"]
[Result "1/2-1/2"]
[WhiteElo "2432"]
[BlackElo "2456"]
[PlyCount "48"]
[EventDate "2016.08.03"]
[EventType "swiss"]
[EventRounds "9"]
[EventCountry "AND"]
[SourceTitle "Ajedrez en Madrid"]
[Source "lmi"]
[SourceDate "2016.08.03"]
[SourceVersion "1"]
[SourceVersionDate "2018.03.01"]
[SourceQuality "1"]

1. e4 c5 2. c3 d5 3. exd5 Qxd5 4. d4 Nc6 5. Nf3 Bf5 6. Be2 e6 7. O-O cxd4 8.
Nxd4 Bc5 9. Nxf5 Qxf5 10. Bd3 Qd5 11. Qe2 Nf6 12. b4 Bb6 13. Nd2 O-O-O 14. Bc2
Qe5 15. Ne4 Nxe4 16. Bxe4 Bc7 17. g3 f5 18. Bf3 Qxe2 19. Bxe2 Be5 20. Bg5 Bxc3
21. Rac1 Bd2 22. b5 Bxg5 23. f4 Rd2 24. Rfe1 Bd8 1/2-1/2

[Event "34. Open Internacional de Andorra 2016"]
[Site "Andorra AND"]
[Date "2016.08.10"]
[Round "8.10"]
[White "Collins, Sam E"]
[Black "Cai, Chaoruo"]
[Result "1-0"]
[WhiteElo "2448"]
[BlackElo "1961"]
[PlyCount "119"]
[EventDate "2016.08.03"]
[EventType "swiss"]
[EventRounds "9"]
[EventCountry "AND"]
[SourceTitle "Ajedrez en Madrid"]
[Source "lmi"]
[SourceDate "2016.08.03"]
[SourceVersion "1"]
[SourceVersionDate "2018.03.01"]
[SourceQuality "1"]

1. c4 e6 2. g3 Nf6 3. Bg2 d5 4. Nf3 Be7 5. O-O O-O 6. b3 Nbd7 7. Bb2 c6 8. e3
a5 9. Nc3 b6 10. Nd4 Bb7 11. Rc1 Rc8 12. Qe2 Ba6 13. d3 Re8 14. f4 Bf8 15. Nf3
b5 16. Ne5 Qb6 17. Nd1 bxc4 18. bxc4 Bc5 19. Kh1 Nxe5 20. Bxe5 Nd7 21. Ba1 Bf8
22. Nf2 Rb8 23. Ng4 f5 24. Ne5 Nxe5 25. Bxe5 Rb7 26. Rc2 dxc4 27. dxc4 Rc8 28.
Rd1 Bc5 29. h3 Bf8 30. Kh2 Qc5 31. Qd3 Qa3 32. Qxa3 Bxa3 33. c5 Kf7 34. Rcd2
Ke7 35. Bd6+ Kd7 36. Be5+ Ke7 37. Rc2 Bb5 38. Rd4 Ke8 39. g4 g6 40. Bf3 Rd7 41.
Bd6 Rb7 42. e4 fxe4 43. Bxe4 Ba6 44. f5 exf5 45. gxf5 g5 46. Bf3 Kf7 47. Bh5+
Kf6 48. Re4 Bd3 49. Re6+ Kg7 50. Rf2 Bc1 51. f6+ Kh6 52. Be8 Bf4+ 53. Bxf4 gxf4
54. f7+ Kg7 55. Rg2+ Bg6 56. Rgxg6+ hxg6 57. Rxg6+ Kxg6 58. f8=Q+ Kg5 59. h4+
Kg4 60. Bd7+ 1-0

[Event "34. Open Internacional de Andorra 2016"]
[Site "Andorra AND"]
[Date "2016.08.10"]
[Round "8.11"]
[White "Gozzoli, Yannick"]
[Black "Merenciano, Alexandre"]
[Result "1-0"]
[WhiteElo "2573"]
[BlackElo "2197"]
[PlyCount "59"]
[EventDate "2016.08.03"]
[EventType "swiss"]
[EventRounds "9"]
[EventCountry "AND"]
[SourceTitle "Ajedrez en Madrid"]
[Source "lmi"]
[SourceDate "2016.08.03"]
[SourceVersion "1"]
[SourceVersionDate "2018.03.01"]
[SourceQuality "1"]

1. Nf3 d5 2. c4 c6 3. g3 Nf6 4. Bg2 g6 5. b3 Bg7 6. Bb2 O-O 7. O-O Re8 8. d4
Bf5 9. Nbd2 Be4 10. Nxe4 Nxe4 11. e3 e6 12. Qe2 Qa5 13. Rfd1 Nd7 14. a3 Rac8
15. Rac1 b6 16. Ne5 Nxe5 17. dxe5 f5 18. f3 Ng5 19. h4 Nf7 20. f4 Qa6 21. Bf1
Qb7 22. cxd5 exd5 23. Qa6 Qd7 24. b4 Nd6 25. Kh2 Kh8 26. Qa4 b5 27. Qa6 Ne4 28.
Rc2 Rc7 29. Rdc1 Rec8 30. Bxb5 1-0